000 002440000a22000970004500
100 1 _aParzani, Ulrich
245 1 0 _aA call for help from Europe
300 _aVol. 16, Núm 60 (1989), Páginas 18-20
773 0 _tWorld Evangelization
942 _cANA
999 _c57851
_d57851